A carregar...

In search of identity: debates on religious conversion in India

Detalhes bibliográficos
Autor principal: Kim, Sebastian C.H
Formato: Printed Book
Publicado em: New Delhi OUP 2006
Assuntos:
LEADER 00590cam a2200193ua 4500
020 |a 019567712-9 
082 |a 291.42  |b KIM/I 
100 0 |a Kim, Sebastian C.H 
245 1 0 |a In search of identity: debates on religious conversion in India  
260 |a New Delhi  |b OUP  |c 2006 
300 |a xi,250p. 
500 |a Includes index. 
650 |a Religion and politics 
650 |a India 
650 |a Conversion 
650 |a Psychology,religious 
942 |c BK 
999 |c 18065  |d 18065 
952 |0 0  |1 0  |4 0  |6 291_420000000000000_KIMI  |7 0  |9 18860  |a KUCL  |b KUCL  |d 2014-05-23  |l 0  |o 291.42 KIM/I  |p 19593  |r 2014-05-23  |y BK